000 00656nam a2200217Ia 4500
005 20230118142505.0
008 131103s9999 xx 000 0 und d
020 _aSBN 416776906
_cGBP2.50
040 _aLoreto College
041 _aEnglish
082 _a830
_bBOE
245 _aGerman literature
_b a critical survey
_cedited by Brune Boesch;translated by Ronald Taylor
260 _aLondon
_bMethuen
_c1973
300 _avii,375 p.
504 _aIncludes bibliographical references and index
650 _aGerman Literature
651 _aGerman Literature - History and Criticism
700 _aBoesch,Bruno,ed.
850 _aLCLIB
942 _cBK
999 _c5112
_d55591